EASTERN - INDIA CRIMINAL [ 2019] CASES [EXCLUSIVELY] [VOL-1] BIHAR AND JHARKHAND CRIMINAL (Record no. 7355)

MARC details
000 -LEADER
fixed length control field 00388nam a22001337a 4500
005 - DATE AND TIME OF LATEST TRANSACTION
control field 20200622124900.0
008 - FIXED-LENGTH DATA ELEMENTS--GENERAL INFORMATION
fixed length control field 200620b xxu||||| |||| 00| 0 eng d
082 ## - DEWEY DECIMAL CLASSIFICATION NUMBER
Classification number 345.5412 ICC-J
245 ## - TITLE STATEMENT
Title EASTERN - INDIA CRIMINAL [ 2019] CASES [EXCLUSIVELY] [VOL-1] BIHAR AND JHARKHAND CRIMINAL
260 ## - PUBLICATION, DISTRIBUTION, ETC. (IMPRINT)
Place of publication ALLAHABAD
Name of publisher RAJPAL & COMPANY
300 ## - PHYSICAL DESCRIPTION
Number of Pages 872;p
650 ## - SUBJECT ADDED ENTRY--TOPICAL TERM
Topical Term LAW
942 ## - ADDED ENTRY ELEMENTS (KOHA)
Koha item type Journals/Serial
Holdings
Lost status Damaged status Collection code Home library Current library Shelving location Date acquired Source of acquisition Cost, normal purchase price Full call number Accession Number Koha item type
    LAW JRU Library JRU Library SHELF-40-C 02/07/2020 PURCHESS / PATHAK LAW HOUSE, [G-99] 1025.00 345.5412 ICC-J 24934 Journals/Serial